Normal view
MARC view
- Gandhi,
Entry Personal Name
001 - CONTROL NUMBER
- control field: 11344
003 - CONTROL NUMBER IDENTIFIER
- control field: NUST
005 - DATE AND TIME OF LATEST TRANSACTION
- control field: 20180702070909.0
008 - FIXED-LENGTH DATA ELEMENTS
- fixed length control field: 180702|| aca||aabn | a|a d
040 ## - CATALOGING SOURCE
- Original cataloging agency: NUST
- Transcribing agency: NUST
100 ## - HEADING--PERSONAL NAME
- Personal name: Gandhi,
- Titles and other words associated with a name: Mahatma,
- Dates associated with a name: 1869-1948
- General subdivision: Fiction.
670 ## - SOURCE DATA FOUND
- Source citation: Work cat.: (NUST)60282: Narayan, R. K., 1906-2001. 11343, Waiting for the Mahatma., 1955.
